| Registos Bibliográficos associados ao registo de autoridade |
|
Etiqueta de registo: 00230nam 2200025 450 001 2286465 003 http://id.bnportugal.gov.pt/bib/catbnp/2286465 010 ## $a978-972-98929-1-2 021 ## $aPT$b558735/26 100 ## $a20260518d2026 m y0pory01030103ba 101 0# $apor 102 ## $aPT 105 ## $aa z 000yy 106 ## $ar 200 1# $aGastronomia da Madeira$ftexto Júlio Pereira$gfot. Alexandre Serra, Nuno Andrade 205 ## $a4ª ed 210 #9 $a[S.l.$cs.n.],$d2026$g(Mauel Barbosa & Filhos) 215 ## $a91, [2], 24, [2] pág. converg.$cil.$d26 cm 675 ## $a641.56(469.8)(083.12)$vBN$zpor$32000107 700 #1 $aPereira,$bJúlio,$c1978-$31386127 702 #1 $aSerra,$bAlexandre$4600$31386132 702 #1 $aAndrade,$bNuno$4600$31998635 801 #0 $aPT$bBN$gRPC 856 41 $uhttp://rnod.bnportugal.gov.pt/ImagesBN/winlibimg.aspx?skey=&doc=2286465&img=223117&save=true 966 ## $lBN$mFGMON$sS.A. 194035 V.$x1 966 ## $lBN$mFGMON$sS.A. 194035 V.-D$x1 971 ## $corlando$d20260518 973 ## $ctrodrigues$d20260605
|
|
|